The molecular basis of life: an introduction to molecular Biology
Salvato in:
| Ente Autore: | |
|---|---|
| Natura: | Libro |
| Lingua: | inglese |
| Pubblicazione: |
San Francisco, USA
W. H. Freeman
1968
|
| Soggetti: | |
| Tags: |
Aggiungi Tag
Nessun Tag, puoi essere il primo ad aggiungerne!!
|
MARC
| LEADER | 00000nam a2200000 a 4500 | ||
|---|---|---|---|
| 001 | UCT4936 | ||
| 003 | CL-VaPUC | ||
| 005 | 20230112074254.0 | ||
| 008 | 961127e19680000US |||||||||||||||||eng|d | ||
| 999 | |c 254016 |d 254014 | ||
| 040 | |c Pontificia Universidad Católica de Valparaíso | ||
| 082 | 0 | 4 | |a 571.6 SCI 1968 |2 21 |
| 110 | 2 | |a Scientific American |9 374192 | |
| 245 | 1 | 4 | |a The molecular basis of life: an introduction to molecular Biology |
| 260 | 0 | 3 | |a San Francisco, USA |b W. H. Freeman |c 1968 |
| 300 | |a 368 páginas | ||
| 583 | |a last modification |c 19961127 00:00:00 |k Rodrigo Vera | ||
| 650 | 0 | |a Citología |9 261432 | |
| 650 | 0 | |a Morfología celular |9 358386 | |
| 650 | 7 | |a CITOQUIMICA |2 CL-VaPUC |9 261426 | |
| 650 | 0 | |a Biología molecular |9 269677 | |
| 650 | 0 | |a Células |9 269548 | |
| 650 | 0 | |a Biología |9 262022 | |
| 650 | 0 | |a Estructura celular |9 362207 | |
| 942 | |c BK |2 ddc | ||
| 945 | |d 19961127 00:00:00 |a cmena | ||